Представление документа в формате RUSMARC

ПолеНазваниеЗначение
  Тип записи i
  Библиографический уровень m
001 Контрольный номер RU/IS/BASE/395408630
005 Дата корректировки 20240410121223.0
010 Индекс ISBN __
d Цена 502-38
101 Язык документа 0_
a Язык текста rus
200 Заглавие и сведения об ответственности 1_
a Заглавие Сто лет тому вперед
e Сведения, относящиеся к заглавию [аудиокнига]
f Первые сведения об ответственности Кир Булычев ; читают Марианна Шульц, Дмитрий Колыго
b Общее обозначение материала Звукозапись
210 Выходные данные __
a Место издания М.
c Издательство Аудиокнига
d Дата издания 2010
215 Физическое описание __
a Объем 2 электрон. опт. диска (Audio CD) (13 ч.)
225 Серия __
a Серия Лучшее - детям
300 Общие примечания __
a Общие примечания AudioCD ; MP3 ; 128 kbps ; CD-плеер с поддержкой MP3 ; Pentium-233 с Windows 9x-XP ; CD-ROM ; звуковая карта
a Общие примечания Изд. в футл.
323 Примечание о главных создателях, исполнителях, участниках __
a Примечание о главных создателях, исполнителях, участниках Шульц, М. (читает)
a Примечание о главных создателях, исполнителях, участниках Колыго, Д. (читает)
327 Примечание о содержании __
a Примечание о содержании Я набираю номер
327 Примечание о содержании __
a Примечание о содержании Бронтя
327 Примечание о содержании __
a Примечание о содержании Тутексы
327 Примечание о содержании __
a Примечание о содержании Застенчивый Шуша
327 Примечание о содержании __
a Примечание о содержании Об одном приведении
327 Примечание о содержании __
a Примечание о содержании Пропавшие гости
327 Примечание о содержании __
a Примечание о содержании Свой человек в прошлом
330 Аннотация __
a Аннотация Необыкновенные приключения Алисы Селезневой в XX веке продолжаются. Она свободно перемещается во времени и пространстве, перелетает из прекрасного далека в глубокое средневековое позавчера, легко бороздит с друзьями просторы космического пространства - в общем, из далекой Индии на сто лет тому вперед!
333 Примечание о целевом назначении __
a Примечание о целевом назначении 6+. Для детей старше шести лет
606 Тематические рубрики __
a Основная рубрика Художественная литература
606 Тематические рубрики __
a Основная рубрика Русская литература XX в. (произведения)
610 Ключевые слова __
a Ключевые слова сказки-повести; сказки; сказочные повести; тема приключений; тема будущего; тема прошлого; тема путешествий; тема дружбы; Алиса Селезнева; литературные герои; литературные персонажи; тема времени; тема семьи; фантастика; фантастическая литература; фантастические произведения; фантастические сказки
686 Индексы других классификаций __
a Классификационный индекс ст84(2Рос=Рус)6-445я0
700 Автор _1
a Фамилия Булычев
b Имя К.
c Титул (звания) Можейко, И. В.
f Даты 1934-2003
g Полное личное имя Кир
4 Код отношения 070
801 Источник записи _0
a Страна RU
b Организация Муниципальное бюджетное учреждение культуры "Централизованная библиотечная система" г. Сургут (Центральная городская библиотека им. А. С. Пушкина)
g Правила каталогизации КиК/Лукашук
801 Источник записи _1
a Страна RU
b Организация Муниципальное бюджетное учреждение культуры "Централизованная библиотечная система" г. Сургут (Центральная городская библиотека им. А. С. Пушкина)
g Правила каталогизации КиК/Лукашук
852 Данные о местонахождении __
j Шифр хранения ст84(2Рос=Рус)6-445я0
i Авторский знак Б 90
901 Тип документа __
t Тип документа 0
903 Характеристики (МАРС) __
a Дата передачи 20120712
969 Тип издания __
a Тип издания аудиокнига
990 Данные о заказе (DOS) __
j Количество экземпляров (DOS) 9
h N записи в КСУ для Б/У (DOS) 201207